Instrumentos sociales para el sector rural 2004
Enregistré dans:
| Collectivités auteurs: | , |
|---|---|
| Format: | Livre |
| Langue: | espagnol |
| Publié: |
Santiago
ODEPA
2004
Santiago Gobierno de Chile 2004 |
| Collection: | Política de Estado para la Agricultura Chilena 2000-2010
|
| Sujets: | |
| Tags: |
Ajouter un tag
Pas de tags, Soyez le premier à ajouter un tag!
|
MARC
| LEADER | 00000nam a2200000 a 4500 | ||
|---|---|---|---|
| 001 | UCK3898 | ||
| 003 | CL-VaPUC | ||
| 008 | 050513e20040000cl |||||||||||||||||spa|d | ||
| 082 | 0 | 4 | |a 361.61 |b OFI |2 21 |
| 110 | 2 | |a Oficina de Estudios y Políticas Agrarias |e author |9 492256 | |
| 710 | 2 | |a ODEPA |e author |9 492257 | |
| 245 | 1 | 0 | |a Instrumentos sociales para el sector rural 2004 |
| 300 | |a pág. irreg | ||
| 942 | |c BK | ||
| 945 | |d 20050513 00:00:00 |a cmena | ||
| 260 | |a Santiago |b ODEPA |c 2004 | ||
| 260 | |a Santiago |b Gobierno de Chile |c 2004 | ||
| 500 | |a Set incluye: 44 fichas | ||
| 650 | 0 | |a Protección social |9 256186 | |
| 650 | 0 | |a Problemas sociales |9 258537 | |
| 650 | 0 | |a Política gubernamental |9 262286 | |
| 650 | 0 | |a Zonas rurales |9 317366 | |
| 650 | 0 | |a Acción social |9 307836 | |
| 650 | 7 | |a PROGRAMAS SOCIALES |2 CL-VaPUC |9 324718 | |
| 583 | |a last modification |c 20171130 11:03:16 |k Rodrigo Vera | ||
| 490 | 0 | |a Política de Estado para la Agricultura Chilena 2000-2010 | |
| 999 | |c 312943 |d 312941 | ||
| 952 | |0 0 |1 0 |4 0 |6 361_610000000000000_OFI_2004_2004 |7 0 |8 A |9 383847 |a BIBAGR |b BIBAGR |d 2019-11-22 |i 4101030 |o 361.61 OFI 2004 2004 |p 4101030 |r 2025-01-20 |w 2019-11-22 |y BK |k AGR | ||
| 952 | |0 0 |1 0 |4 0 |6 361_610000000000000_OFI_2004_2004 |7 0 |8 A |9 383848 |a BIBAGR |b BIBAGR |d 2019-11-22 |i 4101049 |o 361.61 OFI 2004 2004 |p 4101049 |r 2025-01-20 |w 2019-11-22 |y BK |k AGR | ||